|
|
|
|
| LEADER |
00000nab a2200000 a 4500 |
| 001 |
vtls000624320 |
| 003 |
SK-MaSNL |
| 005 |
20260426080340.0 |
| 008 |
250425c1997 xo 0 slo |
| 015 |
|
|
|a SNBRB19rr/mm-uuuuu
|
| 035 |
|
|
|a CL0624459
|
| 035 |
|
|
|a urn:nbn:sk:snk-abajh1
|
| 035 |
|
|
|a (urnnbn)urn:nbn:sk:snk:ar-008ayq
|
| 035 |
|
|
|a (uuid)a55ad79d-09e9-490c-b0f7-94848b9ab47c
|
| 040 |
|
|
|a SNKBUCL
|b slo
|c SNKBUCL
|e AACR2
|
| 041 |
0 |
|
|a slo
|
| 044 |
|
|
|a xo
|c SK
|
| 080 |
|
|
|a 327(437.6):327.51(100):355.311.1(437.6)
|2 1981
|
| 080 |
|
|
|a 327.51(100)
|2 1981
|
| 080 |
|
|
|a 355.311.1(437.6)
|2 1981
|
| 100 |
1 |
|
|a Šmida, Milan
|4 aut
|9 588221
|
| 245 |
1 |
0 |
|a Byť v rodine najvyspelejších
|b Vstup do NATO vojenskými očami
|c Milan Šmida
|
| 300 |
|
|
|b Fotogr. 2
|
| 650 |
0 |
7 |
|a NATO
|2 snkbucl
|9 145807
|
| 650 |
0 |
7 |
|a Armáda Slovenskej republiky
|2 snkbucl
|9 894060
|
| 651 |
|
7 |
|a Slovensko
|2 snkbucl
|9 14231
|
| 655 |
|
7 |
|a články z novín a časopisov
|2 snkbucl
|9 267496
|
| 773 |
0 |
|
|t Literárny týždenník
|g Roč. 10, č. 16 (1997), s. 1 a 12-13
|x 0862-5999
|
| 850 |
|
|
|a Slovenská národná knižnica
|
| 852 |
|
|
|a Slovenská národná knižnica
|
| 954 |
|
|
|a odborná, vedecká literatúra pôvodná (slovenská)
|2 lita
|
| 958 |
|
|
|a article14
|
| 958 |
|
|
|a SK
|
| 958 |
|
|
|a RK
|
| 958 |
|
|
|a OND
|
| 958 |
|
|
|a EUIPO
|
| 992 |
|
|
|a RBX
|
| 999 |
|
|
|c 2804584
|d 2806514
|